Cómo seleccionar libros para niños y jóvenes. Los comités de valoración en las bibliotecas escolares y públicas

Збережено в:
Бібліографічні деталі
Автор: Lluch, Gemma (autora)
Формат: Книга
Мова:Іспанська
Опубліковано: Gijón, España Ediciones Trea S.L 2010
Предмети:
Теги: Додати тег
Немає тегів, Будьте першим, хто поставить тег для цього запису!

MARC

LEADER 00000cam a2200000 a 4500
001 UCC8349
003 CL-VaPUC
005 20230712125615.0
008 190621e20100000sp |||||||||||||||||spa|d
999 |c 374695  |d 374693 
020 |a 9788497045216 
040 |c Pontificia Universidad Católica de Valparaíso 
082 0 4 |a 028.5 LLU 2010  |2 21 
100 |a Lluch, Gemma  |e autora  |9 603028 
245 1 0 |a Cómo seleccionar libros para niños y jóvenes.  |b Los comités de valoración en las bibliotecas escolares y públicas 
260 |a Gijón, España   |b Ediciones Trea S.L  |c 2010 
300 |a 174 páginas  
583 |a last modification  |c 20190621 12:31:00  |k Rodrigo Vera 
650 0 |a Fomento de la lectura  |9 550607 
650 0 |a Lectores   |9 367970 
650 7 |a BIBLIOTECAS ESCOLARES  |2 CL-VaPUC  |9 334525 
650 0 |a Bibliotecas públicas  |9 334515 
852 |a BIBEDU 
942 |c BK  |2 ddc 
945 |d 20190621 12:31:00  |a dcastane 
952 |0 0  |1 0  |3 erb  |4 0  |6 028_500000000000000_LLU_2010  |7 0  |8 A  |9 493379  |a BIBEDU  |b BIBEDU  |d 2019-06-24  |e 2  |g 12722.00  |i 5553520  |l 2  |o 028.5 LLU 2010  |p 5553520  |r 2020-11-24  |s 2020-10-07  |v 12722.00  |w 2019-11-24  |y BK  |z Catalogado en:20190621  |k LIT